Southville International School and Colleges
Your cart is empty.
  • Cart
  • Lists
    Public lists Eva Luna New books Lux_list list_1
    Your lists Log in to create your own lists
  • Log in to your account
  • Your cookies
  • Search history
Southville International School and Colleges
  • Advanced search
  • Recent comments
  • Most popular
  • Libraries

Log in to your account

Log in with GOOGLE


If you do not have an external account, but do have a local account, you can still log in:

  1. Home
  2. MARC view: Patricks dinosaurs /
Normal view MARC view ISBD view

Patricks dinosaurs / (Record no. 104124)

[ view plain ]
MARC details
000 -LEADER
fixed length control field 00434nam a2200169 a 4500
005 - DATE AND TIME OF LATEST TRANSACTION
control field 20140412111313.0
008 - FIXED-LENGTH DATA ELEMENTS--GENERAL INFORMATION
fixed length control field 110408s19uu xx 00 eng d
020 ## - INTERNATIONAL STANDARD BOOK NUMBER
International Standard Book Number 0-395-45989-3
050 ## - LIBRARY OF CONGRESS CALL NUMBER
Classification number M 567.9
Item number C316 1983
100 ## - MAIN ENTRY--PERSONAL NAME
Personal name Carrick, Carol
245 ## - TITLE STATEMENT
Title Patricks dinosaurs /
Statement of responsibility, etc Carrol Carrick.
260 ## - PUBLICATION, DISTRIBUTION, ETC. (IMPRINT)
Place of publication, distribution, etc USA :
Name of publisher, distributor, etc Clarion books,
Date of publication, distribution, etc 1983.
300 ## - PHYSICAL DESCRIPTION
Extent 32p.
650 ## - SUBJECT ADDED ENTRY--TOPICAL TERM
Topical term or geographic name as entry element Dinosaurs
General subdivision fiction
Holdings
Withdrawn status Lost status Damaged status Home library Current library Shelving location Date acquired Source of acquisition Total Checkouts Full call number Barcode Date last seen Price effective from Koha item type
      Elizalde Library Elizalde Library Main Section 04/08/2011     M 567.9 C316 1983 E6535 04/12/2014 04/12/2014 Books
      Elizalde Library Elizalde Library Main Section 04/08/2011     M 567.9 C316 1983 E6538 04/12/2014 04/12/2014 Books

Patricks dinosaurs /

APA

Carrick C., . (1983). Patricks dinosaurs. USA: Clarion books.

Chicago

Carrick Carol, . 1983. Patricks dinosaurs. USA: Clarion books.

Harvard

Carrick C., . (1983). Patricks dinosaurs. USA: Clarion books.

MLA

Carrick Carol, . Patricks dinosaurs. USA: Clarion books. 1983.

  • Place hold
  • Print
  • Cite
  • Add to your cart (remove)
  • Save record
    BIBTEX Dublin Core MARCXML MARC (non-Unicode/MARC-8) MARC (Unicode/UTF-8) MARC (Unicode/UTF-8, Standard) MODS (XML) RIS
  • More searches
    Search for this title in:
    Other Libraries (WorldCat) Other Databases (Google Scholar) Online Stores (Bookfinder.com) Open Library (openlibrary.org)

Exporting to Dublin Core...

SOUTHVILLE LIBRARY

Southville International School and Colleges Library

1281 Tropical Ave. Cor. Luxembourg St., BF Homes International, Las Pinas City

Tel. No. 8256374 / 252358 Loc. 117/146

Powered by Koha